000 01046nam a2200229 4500
005 20260212165000.0
008 260212b |||||||| |||| 00| 0 eng d
020 _a97893833233007 (hbk)
037 _cTB
040 _aCRL
_cCRL
041 _2hin
_ahin
084 _aO152,2N35 Q3
_qCRL
100 _aरस्तोगी, गिरीश
_91115503
245 _aनाट्यचिन्तन और रंगदर्शन अंतरसंबंध
260 _aनयी दिल्ली, भारत:
_bकिताबघर प्रकाशन,
_c2013.
300 _a272पृ.
365 _b475.00
_cINR
650 _aहिन्दी नाटक
_91115504
650 _aहिन्दी साहित्य
_91115505
942 _2CC
_n0
_cTB
_hO152,2N35 Q3
999 _c1679488
_d1679488